[Event "12.PSF-B"]
[Site "Prague"]
[Date "2016.06.25"]
[Round "8.9"]
[White "Novotny, Josef"]
[Black "Sebek, Pavel"]
[Result "1-0"]
[WhiteElo "1523"]
[BlackElo "1612"]
[PlyCount "63"]
[EventDate "2016.06.25"]
[EventType "swiss"]
[EventRounds "9"]
[EventCountry "CZE"]

1. Nf3 c5 2. g3 Nc6 3. d4 cxd4 4. Nxd4 Nf6 5. Bg2 e6 6. O-O Bc5 7. Nf3 O-O 8.
c4 Qc7 9. a3 d5 10. b4 Be7 11. cxd5 Rd8 12. Qc2 Rxd5 13. Ng5 Rd7 14. Bb2 e5 15.
e3 h6 16. Ne4 Qd8 17. Nbc3 a6 18. Rfd1 Nd5 19. Nxd5 Rxd5 20. Rxd5 Qf8 21. Rad1
Be6 22. R5d2 Rc8 23. Nc3 b5 24. Ba1 a5 25. Qb1 axb4 26. Nxb5 bxa3 27. Nxa3 Rb8
28. Qe4 Na5 29. Bxe5 Rb4 30. Qa8 Nb3 31. Rd8 Bxd8 32. Rxd8 1-0

[Event "12.PSF-B"]
[Site "Prague"]
[Date "2016.06.25"]
[Round "8.10"]
[White "Husa, Daniel"]
[Black "Plate, Marion Helga"]
[Result "1-0"]
[WhiteElo "1392"]
[BlackElo "1276"]
[PlyCount "117"]
[EventDate "2016.06.25"]
[EventType "swiss"]
[EventRounds "9"]
[EventCountry "CZE"]

1. b3 Nf6 2. Bb2 g6 3. c4 Bg7 4. e3 c5 5. Nf3 Nc6 6. Be2 d6 7. O-O O-O 8. d4
cxd4 9. Nxd4 a6 10. Nxc6 bxc6 11. Bf3 Bb7 12. Nc3 e5 13. Qd2 Qc7 14. Rfd1 Rad8
15. Ba3 c5 16. Bxb7 Qxb7 17. Nd5 Ne4 18. Qd3 f5 19. f3 Ng5 20. Rab1 e4 21. Qe2
exf3 22. gxf3 a5 23. Bb2 Rfe8 24. Kg2 Ne6 25. Bxg7 Qxg7 26. Qb2 Qf7 27. Nf6+
Kf8 28. Nxe8 Kxe8 29. Qd2 Qf6 30. Qf2 h5 31. h4 f4 32. Qe1 Kf7 33. exf4 Nxf4+
34. Kf1 Re8 35. Qg3 Re3 36. Re1 Qe5 37. Rxe3 Qxe3 38. Re1 Qd3+ 39. Kg1 Ne2+ 40.
Rxe2 Qxe2 41. Qf2 Qxf2+ 42. Kxf2 Kf6 43. f4 Ke6 44. Ke3 d5 45. cxd5+ Kxd5 46.
Kd3 Ke6 47. Ke4 Kf6 48. a3 Ke6 49. a4 Kf6 50. Kd5 Kf5 51. Kxc5 Kxf4 52. b4 g5
53. b5 g4 54. b6 g3 55. b7 g2 56. b8=Q+ Kg4 57. Qh2 Kf3 58. Qg1 Kg3 59. Kb5 1-0

[Event "12.PSF-B"]
[Site "Prague"]
[Date "2016.06.25"]
[Round "8.11"]
[White "Korsinskij, Marek"]
[Black "Bara, Josef"]
[Result "1-0"]
[WhiteElo "1378"]
[BlackElo "1437"]
[PlyCount "69"]
[EventDate "2016.06.25"]
[EventType "swiss"]
[EventRounds "9"]
[EventCountry "CZE"]

1. e4 e6 2. d4 d5 3. e5 c5 4. c3 Nc6 5. Nf3 cxd4 6. cxd4 Nge7 7. Bd3 Qb6 8. Nc3
Bd7 9. Bc2 Nb4 10. O-O Nxc2 11. Qxc2 Nf5 12. Be3 Rc8 13. Qd2 Nxe3 14. fxe3 Be7
15. Rac1 O-O 16. Rc2 Qd8 17. Rfc1 a6 18. Qd3 b5 19. a3 f5 20. b4 Be8 21. Nxd5
Rxc2 22. Nxe7+ Qxe7 23. Qxc2 Bg6 24. Qc6 Bh5 25. Qxa6 Bxf3 26. gxf3 Qg5+ 27.
Kh1 Qxe3 28. Qxe6+ Kh8 29. Qc6 h6 30. Qc3 Qf4 31. e6 Re8 32. d5 Qd6 33. Qc6 Qe7
34. d6 Qxe6 35. d7 1-0

[Event "12.PSF-B"]
[Site "Prague"]
[Date "2016.06.25"]
[Round "8.12"]
[White "Zacek, Petr"]
[Black "Zednik, Petr"]
[Result "1-0"]
[WhiteElo "1584"]
[BlackElo "1563"]
[PlyCount "97"]
[EventDate "2016.06.25"]
[EventType "swiss"]
[EventRounds "9"]
[EventCountry "CZE"]

1. e4 e5 2. Nf3 Nc6 3. d4 exd4 4. Nxd4 Qf6 5. Nxc6 dxc6 6. Nc3 Bc5 7. Qf3 Qxf3
8. gxf3 Ne7 9. Be3 Bb6 10. O-O-O O-O 11. h4 Be6 12. Be2 Rad8 13. f4 Bc8 14. h5
Kh8 15. Na4 Bxe3+ 16. fxe3 b6 17. Nc3 Rd6 18. Rd2 Rfd8 19. Rhd1 Rxd2 20. Rxd2
Rxd2 21. Kxd2 g6 22. hxg6 hxg6 23. Bc4 Kg7 24. a3 b5 25. Be2 a6 26. b4 f6 27.
a4 Kf7 28. a5 Ke6 29. Bg4+ f5 30. Bf3 Ng8 31. exf5+ gxf5 32. Bxc6 Ne7 33. Bf3
Kd6 34. Ne2 c5 35. c3 cxb4 36. cxb4 Nd5 37. Bxd5 Kxd5 38. Kd3 Bd7 39. Nc3+ Kd6
40. Kd4 Bc6 41. Ne2 Be4 42. Ng3 Bb1 43. e4 Bxe4 44. Nxe4+ fxe4 45. Kxe4 Ke6 46.
Kd4 Kf5 47. Kc5 Kxf4 48. Kb6 Ke5 49. Kxa6 1-0

[Event "12.PSF-B"]
[Site "Prague"]
[Date "2016.06.25"]
[Round "8.13"]
[White "Zubek, Rudolf"]
[Black "Palla, Ivan"]
[Result "0-1"]
[WhiteElo "1423"]
[BlackElo "1558"]
[PlyCount "54"]
[EventDate "2016.06.25"]
[EventType "swiss"]
[EventRounds "9"]
[EventCountry "CZE"]

1. e4 c5 2. Nf3 Nc6 3. Be2 Nf6 4. O-O Nxe4 5. Re1 Nf6 6. h3 e6 7. c3 Be7 8. d3
d6 9. Bg5 Nd5 10. Bxe7 Qxe7 11. d4 cxd4 12. Nxd4 O-O 13. Nxc6 bxc6 14. c4 Nf6
15. Nd2 Bb7 16. Bf3 Qc7 17. b4 Rfd8 18. Rc1 Rab8 19. Qa4 Ba8 20. Qc2 Rxb4 21.
a3 Rbb8 22. Ne4 Qe7 23. Nxf6+ Qxf6 24. Be4 g6 25. Rcd1 Rb2 26. Qa4 Qxf2+ 27.
Kh1 Qc5 0-1

[Event "12.PSF-B"]
[Site "Prague"]
[Date "2016.06.25"]
[Round "8.14"]
[White "Rous, Dominik"]
[Black "Engel, Tomas"]
[Result "0-1"]
[WhiteElo "1224"]
[BlackElo "1469"]
[PlyCount "78"]
[EventDate "2016.06.25"]
[EventType "swiss"]
[EventRounds "9"]
[EventCountry "CZE"]

1. e4 e5 2. Nf3 Nc6 3. Nc3 Bc5 4. Bb5 a6 5. Bxc6 dxc6 6. Na4 Ba7 7. d3 Nf6 8.
Nxe5 Qd4 9. Be3 Qxe5 10. Bxa7 Rxa7 11. Nc3 O-O 12. d4 Qg5 13. g3 Bg4 14. f4 Qg6
15. Qd3 Re8 16. e5 Qxd3 17. cxd3 Raa8 18. O-O Nd5 19. Nxd5 cxd5 20. Rac1 c6 21.
f5 Be2 22. Rf2 Bxd3 23. Rc3 Be4 24. Re3 Rac8 25. f6 g6 26. a4 c5 27. dxc5 Rxc5
28. Rc3 Rxc3 29. bxc3 Rxe5 30. Rb2 Re8 31. Rxb7 d4 32. Rb3 d3 33. Rb2 h5 34.
Kf2 Rc8 35. Ke3 Bf5 36. a5 Rxc3 37. Rb8+ Rc8 38. Rb6 Re8+ 39. Kd2 Re2+ 0-1

[Event "12.PSF-B"]
[Site "Prague"]
[Date "2016.06.25"]
[Round "8.15"]
[White "Hosova, Sandra"]
[Black "Vavrova, Jirina"]
[Result "0-1"]
[WhiteElo "1080"]
[BlackElo "1051"]
[PlyCount "56"]
[EventDate "2016.06.25"]
[EventType "swiss"]
[EventRounds "9"]
[EventCountry "CZE"]

1. e4 b6 2. Bc4 Bb7 3. Nc3 e6 4. d3 Be7 5. Nf3 d5 6. exd5 exd5 7. Bb5+ Nd7 8.
Ne5 Ngf6 9. Bg5 O-O 10. Bxf6 Bxf6 11. Nxd7 Re8+ 12. Ne2 a6 13. Nxf6+ Qxf6 14.
Bxe8 Rxe8 15. Rb1 d4 16. c3 Qc6 17. cxd4 Qxg2 18. Rf1 Qxh2 19. Qa4 b5 20. Qa5
g6 21. Rc1 Re7 22. Kd2 Qh6+ 23. f4 Qh2 24. Rfe1 Qf2 25. Kd1 Bf3 26. Rc2 Qe3 27.
Qxa6 Qxd3+ 28. Rd2 Qb1# 0-1

[Event "12.PSF-B"]
[Site "Prague"]
[Date "2016.06.26"]
[Round "9.1"]
[White "Novy, Filip"]
[Black "Kuhnmund, Ivan"]
[Result "1-0"]
[WhiteElo "1966"]
[BlackElo "1703"]
[PlyCount "37"]
[EventDate "2016.06.25"]
[EventType "swiss"]
[EventRounds "9"]
[EventCountry "CZE"]

1. e4 c5 2. Nf3 Nc6 3. d4 cxd4 4. Nxd4 g6 5. c4 Bg7 6. Be3 Nf6 7. Nc3 O-O 8.
Be2 Nxd4 9. Bxd4 Ne8 10. O-O b6 11. Qd3 Bxd4 12. Qxd4 Bb7 13. Rad1 d6 14. f4
Qc7 15. Kh1 Bc6 16. Rd2 Qb7 17. Bd3 f5 18. exf5 Bxg2+ 19. Rxg2 1-0

[Event "12.PSF-B"]
[Site "Prague"]
[Date "2016.06.26"]
[Round "9.2"]
[White "Koper, Stefan"]
[Black "Rimovsky, Pavel"]
[Result "1/2-1/2"]
[WhiteElo "1872"]
[BlackElo "1422"]
[PlyCount "146"]
[EventDate "2016.06.25"]
[EventType "swiss"]
[EventRounds "9"]
[EventCountry "CZE"]

1. d4 Nf6 2. c4 d6 3. Nc3 g6 4. e4 c6 5. Nge2 e5 6. d5 cxd5 7. cxd5 Bg7 8. Ng3
O-O 9. Be2 b6 10. b4 a6 11. a4 Ne8 12. O-O f5 13. exf5 Bxf5 14. Nce4 Nd7 15. a5
b5 16. Ra3 Ndf6 17. Nxf5 gxf5 18. Ng5 Nc7 19. Ne6 Nxe6 20. dxe6 Qe7 21. Rd3
Rad8 22. f4 e4 23. Rg3 Qxe6 24. Be3 Rf7 25. h3 Kf8 26. Qd2 Rc8 27. Rd1 Ke7 28.
Kh2 Bh8 29. Bd4 Bg7 30. Qb2 Bh6 31. Be3 Nd5 32. Qd2 Nxe3 33. Qxe3 Rc7 34. Rf1
Rg7 35. Rxg7+ Bxg7 36. Qb6 Qc8 37. Rd1 Rc6 38. Qf2 Bf6 39. Bh5 Kf8 40. Qd2 Qe6
41. Qe3 Qd7 42. Qb3 Rc4 43. Be2 Rd4 44. Rxd4 Bxd4 45. Qd5 Bc3 46. Qa8+ Ke7 47.
Qxa6 Bxb4 48. Bxb5 Qc7 49. Qa8 Bxa5 50. Qe8+ Kf6 51. Bd7 Qd8 52. Qe6+ Kg7 53.
Qxf5 Bc7 54. Be6 Qf6 55. Qg4+ Qg6 56. Bd5 Qxg4 57. hxg4 e3 58. Kg1 h6 59. Kf1
Bb6 60. Ke2 Kf6 61. Kd3 Bc5 62. Bf3 Ke6 63. Kc4 Ba7 64. Bd5+ Kf6 65. Kd3 Bc5
66. Bc4 Bb6 67. Ke4 Ba7 68. Kd5 Ke7 69. Bd3 Kf6 70. g3 Bb8 71. Kc6 Ba7 72. Be2
Bc5 73. Kd5 Bb4 1/2-1/2

[Event "12.PSF-B"]
[Site "Prague"]
[Date "2016.06.26"]
[Round "9.3"]
[White "Kalvach, Ladislav"]
[Black "Kucera, Josef"]
[Result "0-1"]
[WhiteElo "1777"]
[BlackElo "1739"]
[PlyCount "116"]
[EventDate "2016.06.25"]
[EventType "swiss"]
[EventRounds "9"]
[EventCountry "CZE"]

1. e4 g6 2. d4 Bg7 3. Bc4 c5 4. Nf3 Qc7 5. Ng5 Nh6 6. d5 b5 7. Be2 O-O 8. O-O
a6 9. a4 b4 10. Bc4 d6 11. h3 a5 12. Ra2 Nd7 13. Nd2 Nb6 14. b3 f6 15. Ngf3 f5
16. Ng5 Nf7 17. Nxf7 Rxf7 18. Qe2 Bc3 19. Nf3 Nxc4 20. bxc4 Qd7 21. Ng5 Rf6 22.
Ne6 Qb7 23. Bg5 Rxe6 24. dxe6 fxe4 25. Qg4 h5 26. Qh4 Bxe6 27. Bxe7 Bxc4 28.
Raa1 Bxf1 29. Rxf1 Be5 30. f4 exf3 31. Rxf3 Re8 32. Bf6 Qd7 33. g4 Re6 34. gxh5
Bxf6 35. Rxf6 Rxf6 36. Qxf6 gxh5 37. Kh2 Qf7 38. Qd8+ Kh7 39. Qxd6 Qf2+ 40. Kh1
Qxc2 41. Qe7+ Kh6 42. h4 Qd1+ 43. Kh2 Qd4 44. Qg5+ Kh7 45. Qxh5+ Kg7 46. Qg5+
Kf7 47. h5 b3 48. Qg6+ Ke7 49. h6 b2 50. Qg5+ Ke6 51. Qg8+ Kf5 52. Qf7+ Ke4 53.
h7 Qd2+ 54. Kh3 Qh6+ 55. Kg2 b1=Q 56. Qc4+ Kf5 57. Qxc5+ Kg6 58. Qd6+ Kxh7 0-1

[Event "12.PSF-B"]
[Site "Prague"]
[Date "2016.06.26"]
[Round "9.4"]
[White "Fiala, Jiri"]
[Black "Magsumov, Rinat"]
[Result "1-0"]
[WhiteElo "1934"]
[BlackElo "1599"]
[PlyCount "65"]
[EventDate "2016.06.25"]
[EventType "swiss"]
[EventRounds "9"]
[EventCountry "CZE"]

1. d4 d5 2. Nf3 Nf6 3. Bf4 e6 4. e3 Bd6 5. Ne5 Nbd7 6. Nd2 Nf8 7. Bd3 Ng6 8.
Bg3 Nd7 9. f4 f5 10. Ndf3 Be7 11. h4 Nf6 12. h5 Nxe5 13. Nxe5 Ne4 14. Bxe4 dxe4
15. Qe2 Qd6 16. O-O-O Bd7 17. Bh4 Ba4 18. Bxe7 Qxe7 19. Qc4 Bc6 20. g4 Bd5 21.
Qa4+ Bc6 22. Nxc6 bxc6 23. Qxc6+ Kf7 24. gxf5 exf5 25. Qc4+ Kf6 26. h6 g6 27.
d5 Rhg8 28. Rd2 Rab8 29. Rhd1 Qd6 30. Qc3+ Kf7 31. Rd4 Rb7 32. Rc4 Qb6 33. Rc6
1-0

[Event "12.PSF-B"]
[Site "Prague"]
[Date "2016.06.26"]
[Round "9.5"]
[White "Kosar, Milan"]
[Black "Novotny, Josef"]
[Result "1-0"]
[WhiteElo "1668"]
[BlackElo "1523"]
[PlyCount "51"]
[EventDate "2016.06.25"]
[EventType "swiss"]
[EventRounds "9"]
[EventCountry "CZE"]

1. e4 c5 2. Nf3 e6 3. d4 cxd4 4. Nxd4 a6 5. c4 Qc7 6. Bd3 Nf6 7. O-O Be7 8. Nc3
O-O 9. Be3 d6 10. f4 Nbd7 11. Nb3 b6 12. h3 Bb7 13. Rc1 Rfd8 14. Qe2 Nc5 15.
Nxc5 bxc5 16. a3 d5 17. cxd5 exd5 18. exd5 Nxd5 19. Nxd5 Rxd5 20. Be4 Rd7 21.
Bxb7 Qxb7 22. Bxc5 Re8 23. Bxe7 Rdxe7 24. Qc4 Re2 25. Rf2 Qb6 26. Qxe2 1-0

[Event "12.PSF-B"]
[Site "Prague"]
[Date "2016.06.26"]
[Round "9.6"]
[White "Husa, Daniel"]
[Black "Ruzicka, Vaclav"]
[Result "1/2-1/2"]
[WhiteElo "1392"]
[BlackElo "1635"]
[PlyCount "94"]
[EventDate "2016.06.25"]
[EventType "swiss"]
[EventRounds "9"]
[EventCountry "CZE"]

1. b3 e5 2. Bb2 d6 3. c4 Bf5 4. e3 Nf6 5. Nf3 Be7 6. Be2 O-O 7. O-O Nbd7 8. d4
exd4 9. exd4 c6 10. Nc3 d5 11. Bd3 Bxd3 12. Qxd3 Qc7 13. Rfe1 Bb4 14. Re2 Rfe8
15. Rae1 Rxe2 16. Rxe2 Bxc3 17. Bxc3 Ne4 18. Nd2 Ndf6 19. Nxe4 Nxe4 20. Qe3 Qd7
21. f3 Nxc3 22. Qxc3 f6 23. Qe3 Kf7 24. Kf2 Rd8 25. c5 b6 26. b4 b5 27. Re1 Ra8
28. Qc3 Qc7 29. Qe3 Qd7 30. Qc3 Re8 31. Rxe8 Qxe8 32. Qe3 Qd7 33. Qa3 Qc7 34.
g3 h5 35. Qa5 Qd7 36. Qa3 Kg6 37. Qd3+ Qf5 38. Qxf5+ Kxf5 39. Ke3 g6 40. h3 g5
41. h4 Ke6 42. f4 Kf5 43. Kf3 gxh4 44. gxh4 Ke6 45. Ke3 Kf5 46. Kf3 Ke6 47. Ke3
Kf5 1/2-1/2

[Event "12.PSF-B"]
[Site "Prague"]
[Date "2016.06.26"]
[Round "9.7"]
[White "Vitek, Jan"]
[Black "Korsinskij, Nikolas"]
[Result "1-0"]
[WhiteElo "1775"]
[BlackElo "1408"]
[PlyCount "41"]
[EventDate "2016.06.25"]
[EventType "swiss"]
[EventRounds "9"]
[EventCountry "CZE"]

1. e4 e5 2. Nf3 Nc6 3. d4 exd4 4. Bc4 Bc5 5. c3 dxc3 6. Bxf7+ Kxf7 7. Qd5+ Ke8
8. Qxc5 cxb2 9. Bxb2 d6 10. Qb5 Nf6 11. Nbd2 Rb8 12. O-O Bd7 13. Qg5 Qe7 14. e5
Nd5 15. Qh5+ g6 16. Qh6 Be6 17. exd6 cxd6 18. Bxh8 Kd7 19. Qg7 Bf7 20. Ng5 Rxh8
21. Qxf7 1-0

[Event "12.PSF-B"]
[Site "Prague"]
[Date "2016.06.26"]
[Round "9.8"]
[White "Krnak, Vladimir"]
[Black "Korsinskij, Marek"]
[Result "1-0"]
[WhiteElo "1720"]
[BlackElo "1378"]
[PlyCount "57"]
[EventDate "2016.06.25"]
[EventType "swiss"]
[EventRounds "9"]
[EventCountry "CZE"]

1. d4 Nf6 2. Nf3 g6 3. c4 Bg7 4. Nc3 O-O 5. e4 d6 6. Be2 Nbd7 7. O-O c5 8. d5
a6 9. a4 Ne8 10. Bf4 Qb6 11. Qd2 f5 12. exf5 Rxf5 13. Rfb1 Rf8 14. Be3 Nef6 15.
b4 Ne4 16. Nxe4 Bxa1 17. Rxa1 cxb4 18. Bxb6 Nxb6 19. Qxb4 Nd7 20. Nd4 a5 21.
Qd2 Ne5 22. Qh6 Bf5 23. Ng5 Nf7 24. Nxf7 Rxf7 25. Nxf5 Rxf5 26. Bg4 Rf6 27. Re1
Raf8 28. Rxe7 Rxf2 29. Qg7# 1-0

[Event "12.PSF-B"]
[Site "Prague"]
[Date "2016.06.26"]
[Round "9.9"]
[White "Lhotska, Anna"]
[Black "Zabehlicky, Jiri"]
[Result "1-0"]
[WhiteElo "1461"]
[BlackElo "1497"]
[PlyCount "125"]
[EventDate "2016.06.25"]
[EventType "swiss"]
[EventRounds "9"]
[EventCountry "CZE"]

1. e4 e5 2. Nf3 Nc6 3. Nc3 Nf6 4. d4 exd4 5. Nxd4 d6 6. Bb5 Bd7 7. O-O Nxd4 8.
Bxd7+ Qxd7 9. Qxd4 Be7 10. Bf4 O-O 11. Rad1 Rfd8 12. e5 dxe5 13. Qxe5 Bd6 14.
Qe3 Qc6 15. Bxd6 Rxd6 16. Rxd6 Qxd6 17. Rd1 Qe6 18. Qxe6 fxe6 19. Nb5 c6 20.
Nc7 Rc8 21. Nxe6 Re8 22. Rd8 Kf7 23. Rxe8 Nxe8 24. Nd8+ Ke7 25. Nxb7 Nc7 26.
Kf1 Nd5 27. Ke2 Nb4 28. c3 Nxa2 29. Kd2 Kd7 30. Kc2 Kc7 31. Nc5 Kd6 32. Nd3 Kd5
33. b3 Ke4 34. Ne1 c5 35. Kb2 Nb4 36. cxb4 cxb4 37. Kc2 a5 38. Nd3 g5 39. Nc5+
Kd5 40. Nb7 h5 41. Nxa5 g4 42. Kd3 h4 43. Ke3 Kc5 44. Kf4 Kd4 45. Kxg4 Kd5 46.
Kxh4 Ke4 47. Kg5 Ke5 48. h4 Ke6 49. Kg6 Ke7 50. Kg7 Ke6 51. h5 Kf5 52. h6 Ke4
53. h7 Kd3 54. h8=Q Ke2 55. Qh3 Kf1 56. Kf6 Ke2 57. Ke5 Ke1 58. Kd4 Kxf2 59.
Qe3+ Kf1 60. Qd2 Kg1 61. g4 Kh1 62. Ke3 Kg1 63. Kf3 1-0

[Event "12.PSF-B"]
[Site "Prague"]
[Date "2016.06.26"]
[Round "9.10"]
[White "Palla, Ivan"]
[Black "Rousek, Jan"]
[Result "0-1"]
[WhiteElo "1558"]
[BlackElo "1421"]
[PlyCount "90"]
[EventDate "2016.06.25"]
[EventType "swiss"]
[EventRounds "9"]
[EventCountry "CZE"]

1. Nf3 Nf6 2. g3 g6 3. Bg2 Bg7 4. O-O O-O 5. d4 d6 6. c3 c6 7. Na3 Re8 8. Bf4
Bf5 9. Nh4 Be4 10. f3 Bd5 11. Bh3 e5 12. Bg5 Nbd7 13. e4 Be6 14. Bxe6 fxe6 15.
Nc4 Nb6 16. Qb3 Nxc4 17. Qxc4 Qb6 18. Rab1 d5 19. Qc5 exd4 20. Qxd4 Qxd4+ 21.
cxd4 dxe4 22. Bxf6 Bxf6 23. fxe4 Bxd4+ 24. Kg2 Rf8 25. Nf3 Rad8 26. b3 h6 27.
h4 e5 28. Rbd1 Rf7 29. Rd2 Rfd7 30. Rfd1 Rd6 31. g4 Bc5 32. Rxd6 Rxd6 33. Rxd6
Bxd6 34. Kf2 Kf7 35. Ke2 Ke6 36. h5 g5 37. Kd3 b5 38. a4 a5 39. Ne1 Bc5 40. Nc2
Kd6 41. Kc3 Kc7 42. b4 Bxb4+ 43. Nxb4 axb4+ 44. Kxb4 Kb6 45. axb5 cxb5 0-1

[Event "12.PSF-B"]
[Site "Prague"]
[Date "2016.06.26"]
[Round "9.11"]
[White "Sebek, Pavel"]
[Black "Plate, Marion Helga"]
[Result "0-1"]
[WhiteElo "1612"]
[BlackElo "1276"]
[PlyCount "102"]
[EventDate "2016.06.25"]
[EventType "swiss"]
[EventRounds "9"]
[EventCountry "CZE"]

1. e4 d6 2. Nf3 Nf6 3. Nc3 g6 4. d4 Bg7 5. Be2 O-O 6. h3 c5 7. dxc5 Qa5 8. O-O
Qxc5 9. Be3 Qa5 10. Rb1 a6 11. b4 Qc7 12. Nd5 Nxd5 13. exd5 Bf5 14. Bd3 Bxd3
15. Qxd3 Nd7 16. Rfd1 Rfc8 17. Rdc1 b5 18. c3 Qb7 19. Bd2 Nb6 20. Qe4 Rc4 21.
Qe1 Nxd5 22. Rc2 Rac8 23. Rbc1 Nxb4 24. cxb4 Rxc2 25. Qe3 e6 26. Ne1 Rxa2 27.
Kf1 Rxc1 28. Bxc1 a5 29. Ba3 axb4 30. Bxb4 Qc6 31. Bd2 h5 32. Qg5 Qc4+ 33. Kg1
Qc5 34. Qd8+ Kh7 35. Be3 Qc3 36. Nf3 Qa1+ 37. Kh2 Be5+ 38. g3 Kg7 39. Qd7 Bf6
40. Qxd6 Qb2 41. Kg2 b4 42. Bc5 Ra8 43. Bxb4 Rd8 44. Qf4 Bd4 45. Bd2 Kf8 46.
Nxd4 Qxd4 47. Qh6+ Ke8 48. Be3 Qe4+ 49. Kh2 Rd1 50. f3 Qc2+ 51. Bd2 Rxd2+ 0-1

[Event "12.PSF-B"]
[Site "Prague"]
[Date "2016.06.26"]
[Round "9.12"]
[White "Engel, Tomas"]
[Black "Zacek, Petr"]
[Result "0-1"]
[WhiteElo "1469"]
[BlackElo "1584"]
[PlyCount "22"]
[EventDate "2016.06.25"]
[EventType "swiss"]
[EventRounds "9"]
[EventCountry "CZE"]

1. e4 d5 2. exd5 Nf6 3. d4 Nxd5 4. c4 Nb4 5. Qa4+ N8c6 6. d5 b5 7. cxb5 Nd4 8.
Na3 e5 9. dxe6 Bxe6 10. Be3 Bf5 11. O-O-O Nxa2+ 0-1

[Event "12.PSF-B"]
[Site "Prague"]
[Date "2016.06.26"]
[Round "9.13"]
[White "Bara, Josef"]
[Black "Zubek, Rudolf"]
[Result "1-0"]
[WhiteElo "1437"]
[BlackElo "1423"]
[PlyCount "65"]
[EventDate "2016.06.25"]
[EventType "swiss"]
[EventRounds "9"]
[EventCountry "CZE"]

1. d4 d6 2. c4 e6 3. Nc3 Be7 4. Nf3 Nf6 5. e4 O-O 6. Bd3 Bd7 7. Bc2 Na6 8. a3
c5 9. e5 Ng4 10. h3 Nxf2 11. Kxf2 f6 12. Kg3 fxe5 13. dxe5 dxe5 14. Nxe5 Bd6
15. Qxd6 Bc6 16. Qxd8 Raxd8 17. Nxc6 bxc6 18. Bf4 Rd4 19. Rhf1 Rxc4 20. Bb3 Rd4
21. Rad1 Kh8 22. Be5 Rxf1 23. Rxf1 Rd3+ 24. Kh2 h6 25. Rf8+ Kh7 26. Bc2 c4 27.
Bxd3+ cxd3 28. Rf7 Kg6 29. Rxa7 Nc5 30. Bxg7 d2 31. Bf8 Ne4 32. Rd7 Nxc3 33.
bxc3 1-0

[Event "12.PSF-B"]
[Site "Prague"]
[Date "2016.06.26"]
[Round "9.14"]
[White "Vavrova, Jirina"]
[Black "Zednik, Petr"]
[Result "0-1"]
[WhiteElo "1051"]
[BlackElo "1563"]
[PlyCount "116"]
[EventDate "2016.06.25"]
[EventType "swiss"]
[EventRounds "9"]
[EventCountry "CZE"]

1. e4 e5 2. d4 exd4 3. Qxd4 Nc6 4. Qd1 Bc5 5. Qe2 d6 6. Nf3 Bg4 7. h3 Bh5 8. g4
Bg6 9. Nc3 Qd7 10. Bd2 O-O-O 11. Bg2 Nf6 12. Nb5 Bxe4 13. O-O-O Rhe8 14. Qc4
Bxf2 15. Rhf1 Bb6 16. Rde1 Bd5 17. Qa4 Ne5 18. b3 Kb8 19. Be3 Bxe3+ 20. Rxe3 a6
21. Nc3 Qxa4 22. Nxa4 Nxf3 23. Rxe8 Rxe8 24. Bxf3 Bxf3 25. Rxf3 h6 26. Rf5 Re7
27. Nc3 c6 28. b4 Re3 29. Na4 Rxh3 30. Nb6 Kc7 31. Na8+ Kd8 32. Nb6 Rg3 33. Rf2
Rxg4 34. b5 axb5 35. Rf3 h5 36. Ra3 Nd7 37. Ra8+ Kc7 38. Nc8 Nb6 39. Nxb6 Kxb6
40. Rd8 d5 41. Re8 h4 42. Rh8 g5 43. Kd2 Rf4 44. c3 f5 45. Rg8 g4 46. Ke3 Rf3+
47. Kd2 h3 48. Rh8 f4 49. a3 Rg3 50. Rh4 Rg2+ 51. Kd3 h2 52. Rh5 f3 53. Ke3 f2
54. Ke2 g3 55. Kf1 Rg1+ 56. Ke2 f1=Q+ 57. Ke3 Qf2+ 58. Kd3 Rd1# 0-1

[Event "12.PSF-B"]
[Site "Prague"]
[Date "2016.06.26"]
[Round "9.15"]
[White "Hosova, Sandra"]
[Black "Rous, Dominik"]
[Result "0-1"]
[WhiteElo "1080"]
[BlackElo "1224"]
[PlyCount "88"]
[EventDate "2016.06.25"]
[EventType "swiss"]
[EventRounds "9"]
[EventCountry "CZE"]

1. e4 d6 2. Bc4 Nc6 3. Nf3 h6 4. d3 Nf6 5. Bf4 e5 6. Be3 Be7 7. Nc3 Be6 8. Bxe6
fxe6 9. Qe2 d5 10. exd5 exd5 11. Bd2 Bd6 12. d4 e4 13. Nh4 Nxd4 14. Qd1 Be5 15.
Be3 Nc6 16. Nf5 Qd7 17. Nh4 d4 18. Nb5 dxe3 19. Qe2 Qd2+ 20. Qxd2 exd2+ 21.
Kxd2 Bxb2 22. Rab1 Be5 23. Ng6 O-O-O+ 24. Ke2 Rhe8 25. Rhe1 Rd5 26. Na3 Red8
27. Kf1 Bc3 28. Rec1 Ng4 29. h3 Nge5 30. Nf4 R5d7 31. Ne6 Re8 32. Nc5 Rf7 33.
Rd1 b6 34. Na6 Kb7 35. Nc5+ Kc8 36. Na6 e3 37. f3 Ng6 38. Rd3 e2+ 39. Kf2 e1=Q+
40. Rxe1 Bxe1+ 41. Kf1 Bg3 42. Rd1 Rfe7 43. c3 Re1+ 44. Rxe1 Rxe1# 0-1